|
|
|
|
| LEADER |
00728naa a2200193 i 4500 |
| 001 |
misc39080 |
| 005 |
20200430141512.0 |
| 008 |
180509s1989 hu o 0|| hun d |
| 022 |
|
|
|a 0865-0632
|
| 040 |
|
|
|a SZTE Miscellanea Repozitórium
|b hun
|
| 041 |
|
|
|a hun
|
| 041 |
|
|
|a ger
|
| 100 |
1 |
|
|a Keveházi Katalin
|
| 245 |
1 |
3 |
|a Az Evangélikus Országos levéltár V. 1. jelzetű levélgyűjteménye
|h [elektronikus dokumentum] /
|c Keveházi Katalin
|
| 260 |
|
|
|c 1989
|
| 300 |
|
|
|a 23-35
|
| 490 |
0 |
|
|a Lymbus Művelődéstörténeti Tár
|v 1
|
| 695 |
|
|
|a Protestantizmus - Nyitra vármegye - 16-17. sz., Protestantizmus - Trencsén vármegye - 16-17. sz.
|
| 856 |
4 |
0 |
|u http://misc.bibl.u-szeged.hu/39080/1/lym_001_023-035.pdf
|z Dokumentum-elérés
|